Responses for Show #1497 - Tuesday, February 19, 1991

1991 Teen Tournament semifinal game 2.

Contestants

[<< previous game]

Jim Paluszak, a senior from Spartanburg, South Carolina

Kareem Crayton, a junior from Montgomery, Alabama

Julie Knauer, a senior from Newtown, Connecticut

[next game >>]

Jeopardy! Round responses

HOLIDAYS & OBSERVANCES
MUSIC OF THE '90s
TRANSPORTATION
WOMEN IN HISTORY
PHOTOGRAPHY
ANATOMICAL PHRASES
    $100 6
Lincoln & Washington

Jim
    $100 7
Milli Vanilli

Jim
    $100 21
brooms

Kareem
    $100 1
(Kareem: Who is Gandhi?)
(Alex: More specific.)

Indira Gandhi

Kareem
    $100 23
Kodak

Jim
    $100 3
your fingers

Jim
    $200 12
(Julie: What is [*] Day.)

arbor

Julie
    $200 8
Poison

Jim
    $200 22
a gondola

Julie
    $200 2
Annie Oakley

Jim
    $200 25
holograms

Kareem
    $200 4
heads

Julie
    $300 16
Dr. Martin Luther King Jr.

Julie
    $300 9
Wilson Phillips

Jim
    $300 24
(Jim: What is a... cook wagon?)

a chuck wagon

KareemJim
    $300 5
Henry VIII

Kareem
    $300 26
(Alex: We have less than a minute in the round.)

Polaroid

Jim
    $300 13
the eye

Jim
    $400 17
Hanukkah

Kareem
    $400 10
the Fresh Prince

Kareem
    $400 27
a litter

Kareem
    $400 19
Amelia Earhart

Kareem
    $400 30
200

Triple Stumper
    $400 14
their feet

Jim
    $700 18
(Kareem: What's November 11th?)

June 14th

Kareem
    $500 11
(Alex: [*], that's it? All right. I'd've called them "Inks".)
[Laughter]

INXS

Kareem
    $500 28
(Julie: What is transportation by sled or sleigh? Sled. Like dog racing?)
(Alex: That's it; [*]. I had to get you to combine the dog with the sled.)

dog sled

Julie
    $500 20
Harriet Tubman

Jim
    $500 29
(Jim: What is krypton?)
(Julie: What is argon?)

oxygen

JulieJim
Triple Stumper
    $500 15
the teeth

Julie

Scores at the first commercial break (after clue 14):

Julie Kareem Jim
$400 $1,300 $1,700

Scores at the end of the Jeopardy! Round:

Julie Kareem Jim
$1,400 $2,400 $1,800

Double Jeopardy! Round responses

MYTHOLOGY
1987
PRESIDENTIAL TRIVIA
WORLD CAPITALS
HODGEPODGE
POE-POURRI
    $200 7
Midas

Julie
    $200 13
Madonna

Kareem
    $200 12
Nixon

Kareem
    $200 2
Vienna

Jim
    $200 11
smoke

Kareem
    $200 16
(Alex: And obviously we are referring to Edgar Allan Poe.)

The Raven

Kareem
    $400 8
Achilles

Kareem
    $400 14
the America's Cup

Julie
    $400 21
Old Hickory

Julie
    $400 3
Helsinki

Kareem
    $400 19
Jughead Jones

Jim
    $400 30
West Point

Kareem
    $600 9
the Sirens

Julie
    $600 15
(Julie: Who is Prince Andrew?)

Prince Edward

Julie
Triple Stumper
    $600 23
Grant

Julie
    $600 4
Seoul

Julie
    $600 20
Avon

Kareem
    $600 29
the Usher family

Kareem
    $800 5
Isis

Jim
    $800 17
the Supreme Court

Julie
    $2,000 24
Jack Kennedy

Julie
    $800 6
Athens

Kareem
    $800 22
Hippocrates

Kareem
    $1,000 27
(Julie: I have no idea.)

tintinnabulation

Julie
    $1000 1
centaurs

Jim
    $1000 18
the Iran-Contra Scandal

Jim
    $1000 25
Monroe

Jim
    $1000 10
Madrid

Jim
    $1000 26
Lady Godiva

Julie
    $1000 28
(Kareem: What is the... evil eye?)

"The Tell-Tale Heart"

JulieKareem

Scores at the end of the Double Jeopardy! Round:

Julie Kareem Jim
$7,400 $6,200 $7,200

[wagering suggestions for these scores]

Final Jeopardy! Round responses

FAMOUS NAMES
(Alex: The clue was a reference to the day that [*] and Tenzing Norgay stood at the top of the world, the summit of Mount Everest.)
KareemWho was Byrd? Hillary
$6,200
JimWho is Byrd?
$6,800
JulieWho was Hil Hillary?
$7,001
Hillary

Final scores:

Julie Kareem Jim
$14,401 $0 $400
Finalist 3rd place: $5,000 2nd place: $5,000

Game dynamics:

Coryat scores:

Julie Kareem Jim
$7,200 $6,900 $7,200
16 R
(including 1 DD),
3 W
(including 1 DD)
21 R,
2 W
(including 1 DD)
18 R,
2 W

Combined Coryat: $21,300

[game clues] [game scores] [suggest correction]

Game tape date: 1991-01-20
The J! Archive is created by fans, for fans. Scraping, republication, monetization, and malicious use prohibited; this site may use cookies and collect identifying information. See terms. The Jeopardy! game show and all elements thereof, including but not limited to copyright and trademark thereto, are the property of Jeopardy Productions, Inc. and are protected under law. This website is not affiliated with, sponsored by, or operated by Jeopardy Productions, Inc. Join the discussion at JBoard.tv.